| 000 | 00924nam a2200253Ia 4500 | ||
|---|---|---|---|
| 003 | OSt | ||
| 005 | 20221005112111.0 | ||
| 006 | a|||||r|||| 00| 0 | ||
| 007 | ta | ||
| 008 | 221004b |||||||| |||| 00| 0 hin d | ||
| 024 | _a108610 | ||
| 037 | _cTextual | ||
| 040 |
_aCRL _cCRL _bhin |
||
| 041 |
_2hin _ahin |
||
| 082 | _aO152,1N01:g, L0 | ||
| 100 |
_aपिल्लै, एन. पी. कुट्टन _9168204 |
||
| 245 | 0 |
_aपंत _b छायावादी व्यक्तित्व और कृतित्व |
|
| 246 | _aPanta: chhāyāvādī vyaktitva aur kṛutitva | ||
| 260 |
_aहैदराबाद _bजय प्रकाशन भारत _c1970 |
||
| 300 |
_a230पृ0 _ccm. |
||
| 650 | _aहिन्दी साहित्य | ||
| 942 |
_hO152,1N01:g, L0 _cTEXL _2cc |
||
| 999 |
_c1023819 _d1023819 |
||